000 00329nam a22001217a 4500
005 20251108175522.0
008 250721s1980 xx 000 0 eng d
100 1 _aball, victoria kloss
245 1 0 _aARCHITECTURE AND INTERIOR DESIGN /
264 1 _anew york :
_bjohn ailey & sons,
_c1980.
942 _2ddc
_cBK
999 _c136032
_d136032